000 00344 a2200157 4500
001 173727
020 _a
040 _cMagnum
100 _aCamargo, Maria Helena Guimarães Pompêo de
240 1 0 _aO natal do robozinho
_lpor
245 1 0 _aO natal do robozinho
362 0 _a1899
440 1 _aLoyola
697 _aIJ/GERAL
942 _cBK
999 _c173727
_d173727